| 000 | 00993nas a2200325 4500 | ||
|---|---|---|---|
| 001 | BR2011002710 | ||
| 003 | BR-BrBNA | ||
| 005 | 20231205115305.0 | ||
| 007 | ta | ||
| 008 | 230509b bl.|||p| |||| 00| 00por d | ||
| 040 |
_aBR-BrBNA _bpor _cBiblioteca Nacional de Agricultura |
||
| 041 | _a(Pt) | ||
| 072 | _aF61; F62 | ||
| 100 | 1 | _aSiebeneichler, S.C. | |
| 100 | 1 | _aFreitas, G.A. de | |
| 100 | 1 | _aSilva, R.R. da | |
| 100 | 1 | _aAdorian, G.C. | |
| 100 | 1 | _aCapellari, D. | |
| 245 | 1 | _aCaracteristicas morfofisiológicas em plantas de Tabebuia heptaphyilla (vell.)tol. em condições de luminosidade | |
| 650 | _aIPÊ AMARELO | ||
| 650 | _aMORFOLOGIA VEGETAL | ||
| 650 | _aFISIOLOGIA VEGETAL | ||
| 650 | _aÁREA FOLIAR | ||
| 650 | _aCLOROFILA | ||
| 650 | _aBIOMASSA | ||
| 650 | _aRADIAÇÃO LUMINOSA | ||
| 773 | 0 |
_tActa Amazônia (Brazil) _xISSN 0044-5967 _g(Sep 2008), v. 38(3) p. 467-472 _wBR2011002710 |
|
| 909 |
_a202311 _bLúcia _c55 _dLúcia Elande |
||
| 942 |
_2AGRIS _n0 _cANA |
||
| 999 |
_c213036 _d213036 |
||